PROBLEMAS DE APRENDIZAJE SOLUCIONES PASO A PASO UNA GUIA PRACTICA PARA CONOCER Y AYUDAR AL NIÑO CON PROBLEMAS DE APRENDIZAJE (Record no. 565)
[ view plain ]
| 000 -LEADER | |
|---|---|
| campo de control de longitud fija | 01387nam a22002417a 4500 |
| 001 - NÚMERO DE CONTROL | |
| campo de control | 2396 |
| 005 - FECHA Y HORA DE LA ÚLTIMA TRANSACCIÓN | |
| campo de control | 20250522045540.0 |
| 008 - DATOS DE LONGITUD FIJA--INFORMACIÓN GENERAL | |
| campo de control de longitud fija | 5230202010 mx a |
| 020 ## - NÚMERO INTERNACIONAL ESTÁNDAR DEL LIBRO | |
| Número Internacional Estándar del Libro | 968-581-428-7 |
| 082 ## - NÚMERO DE LA CLASIFICACIÓN DECIMAL DEWEY | |
| Número de clasificación | 153.15 P9404p |
| 110 ## - ENTRADA PRINCIPAL--NOMBRE DE ENTIDAD CORPORATIVA | |
| Nombre de entidad corporativa o nombre de jurisdicción como elemento de entrada | EDICIONES EUROMEXICO S A |
| 245 ## - MENCIÓN DEL TÍTULO | |
| Título | PROBLEMAS DE APRENDIZAJE SOLUCIONES PASO A PASO UNA GUIA PRACTICA PARA CONOCER Y AYUDAR AL NIÑO CON PROBLEMAS DE APRENDIZAJE |
| Mención de responsabilidad, etc. | Ediciones Euroméxico, S. A. |
| 260 ## - PUBLICACIÓN, DISTRIBUCIÓN, ETC. | |
| Lugar de publicación, distribución, etc. | México : |
| Nombre del editor, distribuidor, etc. | EDICIONES EUROMEXICO |
| 300 ## - DESCRIPCIÓN FÍSICA | |
| Extensión | 4 Tomos : |
| Otros detalles físicos | il. ; 27 cm. |
| 440 ## - MENCIÓN DE SERIE/PUNTO DE ACCESO ADICIONAL--TÍTULO | |
| Título | LEXUS |
| 504 ## - NOTA DE BIBLIOGRAFÍA, ETC. | |
| Nota de bibliografía, etc. Nota | Incluye Bibliografía |
| 505 ## - NOTA DE CONTENIDO CON FORMATO | |
| Nota de contenido con formato | Tomo III: Trastornos del Cálculo, Presentación oral y escrita, relaciones matemáticas, Seriaciones, Entretenimiento operacional, especial y en memoria, cálculo mental, lógica Matemáica, medición Geometría, etc. |
| -- | Tomo IV: Diccionario Psicopedagógico. |
| -- | Tomo II: Psicomotricidad, Capacidad lectora y Ortografía. |
| -- | Tomo I. : Corrientes Psicopedagógicas del Aprendizaje, Los Problemas de Aprendizaje, Trastornos sensoriales y de Desarrollo psicomotor, intelectual, del habla y el lenguaje, de cálculo, conducta, salud y recomendaciones finales. |
| 650 ## - PUNTO DE ACCESO ADICIONAL DE MATERIA--TÉRMINO DE MATERIA | |
| Término de materia o nombre geográfico como elemento de entrada | 1.EDUCACION PARA NIÑOS CON INCAPACIDAD DE APRENDIZAJE |
| 650 ## - PUNTO DE ACCESO ADICIONAL DE MATERIA--TÉRMINO DE MATERIA | |
| Término de materia o nombre geográfico como elemento de entrada | 2.PROBLEMAS EN EL APRENDIZAJE DE LOS NIÑOS |
| 650 ## - PUNTO DE ACCESO ADICIONAL DE MATERIA--TÉRMINO DE MATERIA | |
| Término de materia o nombre geográfico como elemento de entrada | 3.PSICOLOGIA EDUCATIVA |
| 650 ## - PUNTO DE ACCESO ADICIONAL DE MATERIA--TÉRMINO DE MATERIA | |
| Término de materia o nombre geográfico como elemento de entrada | 4.PSICOLOGIA INFANTIL |
| 650 ## - PUNTO DE ACCESO ADICIONAL DE MATERIA--TÉRMINO DE MATERIA | |
| Término de materia o nombre geográfico como elemento de entrada | 5.APRENDIZAJE TRASTORNOS |
| Estatus retirado | Estado de pérdida | Estado de daño | No para préstamo | Colección | Biblioteca de origen | Biblioteca actual | Fecha de adquisición | Total de préstamos | Signatura topográfica completa | Código de barras | Visto por última vez | Copia número | Precio de reemplazo | Tipo de ítem Koha |
|---|---|---|---|---|---|---|---|---|---|---|---|---|---|---|
| Acervo general de Libros | Biblioteca Central Mons. Favio M. Rivas S. | Biblioteca Central Mons. Favio M. Rivas S. | 03/05/2013 | 153.15 P9404p | 000000000707 | 23/05/2025 | 1 | 23/05/2025 | Libros | |||||
| Acervo general de Libros | Biblioteca Central Mons. Favio M. Rivas S. | Biblioteca Central Mons. Favio M. Rivas S. | 03/05/2013 | 153.15 P9404p | 000000000708 | 23/05/2025 | 1 | 23/05/2025 | Libros | |||||
| Acervo general de Libros | Biblioteca Central Mons. Favio M. Rivas S. | Biblioteca Central Mons. Favio M. Rivas S. | 03/05/2013 | 153.15 P9404p | 000000000709 | 23/05/2025 | 1 | 23/05/2025 | Libros | |||||
| Acervo general de Libros | Biblioteca Central Mons. Favio M. Rivas S. | Biblioteca Central Mons. Favio M. Rivas S. | 03/05/2013 | 153.15 P9404p | 000000000710 | 23/05/2025 | 1 | 23/05/2025 | Libros |
